La Catedral de León salvada por el ingenio del arquitecto Juan de Madrazo (Record no. 53673)

MARC details
000 -LEADER
campo de control de longitud fija 00929nam a22002295i 4500
001 - NÚMERO DE CONTROL
campo de control 53673
003 - IDENTIFICADOR DE NÚMERO DE CONTROL
campo de control ES-MaACL
005 - FECHA Y HORA DE LA ÚLTIMA TRANSACCIÓN
campo de control 20240515063037.0
007 - CAMPO FIJO DE DESCRIPCIÓN FÍSICA--INFORMACIÓN GENERAL
campo de control de longitud fija t|
008 - DATOS DE LONGITUD FIJA--INFORMACIÓN GENERAL
campo de control de longitud fija 960529s1881 sp ||||1| spa d
040 ## - FUENTE DE CATALOGACIÓN
Centro catalogador/agencia de origen CLM
Lengua de catalogación spa
Centro/agencia transcriptor CCPB | SIC
100 1# - ENTRADA PRINCIPAL--NOMBRE DE PERSONA
Nombre de persona Fernández Casanova, Adolfo,
Fechas asociadas al nombre 1843-1915
9 (RLIN) 49562
245 13 - MENCIÓN DEL TÍTULO
Título La Catedral de León salvada por el ingenio del arquitecto Juan de Madrazo
Resto del título : descripción de los estudios de restauración de las obras realizadas en el templo /
Mención de responsabilidad, etc. [Adolfo Fernández Casanova].
260 ## - PUBLICACIÓN, DISTRIBUCIÓN, ETC.
Lugar de publicación, distribución, etc. Madrid :
Nombre del editor, distribuidor, etc. [s.n.],
Fecha de publicación, distribución, etc. 1881 (
Fabricante Establecimiento Tipo-Litográfico)
300 ## - DESCRIPCIÓN FÍSICA
Extensión 15 p., 1 fotografía sobre papel albúmina ;
Dimensiones 20 cm.
500 ## - NOTA GENERAL
Nota general La fot. es de Juan de Madrazo.
594 ## - Nota al título y mención de responsabilidad
Nota al título y mención de responsabilidad Nombre del autor tomado de la p. 15.
600 14 - PUNTO DE ACCESO ADICIONAL DE MATERIA--NOMBRE DE PERSONA
Nombre de persona Madrazo, J. de.
9 (RLIN) 155689
610 27 - PUNTO DE ACCESO ADICIONAL DE MATERIA--NOMBRE DE ENTIDAD CORPORATIVA
Nombre de entidad corporativa o nombre de jurisdicción como elemento de entrada Catedral de León-
Subdivisión general Restauración.
9 (RLIN) 2517
852 ## - LOCALIZACIÓN
Ubicación ES-MaACL
Número de control de estantería T-376-F-17
Holdings
Estatus retirado Estado de pérdida Estado de daño No para préstamo Colección Biblioteca de origen Biblioteca actual Ubicación en estantería Fecha de adquisición Fuente de adquisición Total de préstamos Signatura topográfica completa Código de barras Visto por última vez Precio de reemplazo Tipo de ítem Koha
        Colección de folletos Biblioteca del Ateneo de Madrid Biblioteca del Ateneo de Madrid Depósito folletos 17/01/2008     T-376-F-17 1056399 23/02/2023 23/02/2023 Folleto